000 00522nam a22001937a 4500
003 FEu
005 20140310182813.0
008 130223t xxu||||| |||| 00| 0 eng d
020 _a9-81265220-5
050 _aRC 954
_b.C645 2005
100 _aComer, Sheree
245 _aDelmar's geriatric nursing care plans /
_cSheree Comer
250 _a3rd ed.
260 _a5 Shenton Way #01-01 UIC Building Singapore :
_bWiley,
_c2005.
300 _a332 p. :
_c26 cm.
521 _aNUR
942 _2lcc
_cBK
_kFOR
999 _c16212
_d16212